Production de céréales par région - Statistiques

Statistiques générales
  • Ce quiz a été pris 28 fois
  • Le résultat moyen est 2 sur 13
Statistiques - réponses
Hint Réponse % Correct
10e / 35987 Auvergne-Rhône-Alpes
21%
7e / 47294 Bourgogne-Franche-Comté
21%
4e / 87728 Centre-Val-de-Loire
21%
13e / 86 Corse
21%
12e / 3091 Provence-Alpes-Côte-d'Azur
21%
9e / 40587 Occitanie
13%
8e / 45238 Bretagne
8%
2e / 89225 Hauts-de-France
8%
11e / 30206 Ile-de-France
8%
3e / 88732 Nouvelle-Aquitaine
8%
6e / 50104 Normandie
4%
5e / 53213 Pays-de-la-Loire
4%
1ère / 105192 Grand Est
0%
Aucun quiz correspondant
Distribution des résultats
% des personnes avec chaque résultat
Percentile par nombre de réponses
Votre historique - résultats
Vous n’avez pas pris ce quiz